| 000 | 00395nam a22001217a 4500 | ||
|---|---|---|---|
| 999 |
_c10150 _d10150 |
||
| 003 | OSt | ||
| 008 | 201218b ||||| |||| 00| 0 eng d | ||
| 245 | _aJournal of Information Security Research | ||
| 250 | _a2018(Mar Vol.9 No.1, Jun Vol.9 No.2, Sep Vol.9 No.3, Dec Vol.9 No.4) | ||
| 260 |
_aChennai _bDigital Information Research Foundation |
||
| 650 | _aInformation Technology | ||
| 942 |
_2ddc _cBV |
||